[Event "GER-ch 73th"]
[Site "Altenkirchen"]
[Date "2001.12.08"]
[Round "9"]
[White "Naiditsch, Arkadij"]
[Black "Lutz, Christopher"]
[Result "0-1"]
[WhiteElo "2524"]
[BlackElo "2643"]
[Annotator "Ribli,Z"]
[PlyCount "110"]
[EventDate "2001.11.30"]
[EventType "swiss"]
[EventRounds "9"]
[EventCountry "GER"]
[SourceTitle "CBM 087"]
[Source "ChessBase"]
[SourceDate "2002.03.21"]
[SourceVersion "1"]
[SourceVersionDate "2002.03.21"]
[SourceQuality "1"]

1. e4 {[%mdl 2]} c5 2. Nf3 e6 3. d4 cxd4 4. Nxd4 Nc6 5. Nb5 {Dieser
Springerzug wird heutzutage nicht so oft gespielt wie die Alternative 5.Nc3.}
d6 6. c4 {Möglich ist hier auch 6.Bf4 e5 7.Be3, wonach das Feld d5 zwar
schwach wird, Schwarz aber dennoch eine solide Stellung bekommt.} Nf6 7. N1c3
a6 8. Na3 Be7 9. Be2 O-O 10. O-O b6 {Das ist die beste Metohde, um den Bc8 ins
Spiel zu bringen. In der Folge avanciert der Läufer auf b7 zu einer starken
Figur.} 11. Be3 Ne5 {Das ist ein typisches Springermanöver - Schwarz verliert
zwar Zeit, dafür findet sein Springer jedoch ein gutes Feld auf d7.} 12. f3 (
12. f4 Ned7 13. Bf3) 12... Bb7 13. Qd4 {Dieser Zug wurde bereits in einigen
Partien gespielt, er gefällt mir aber nicht. Die Dame steht einfach zu
exponiert auf d4.} (13. Qb3 Ned7 14. Rfd1 Qc7 15. Rac1 Rac8 16. Bf1 Rfe8 17.
Kh1 Bf8 18. Bg1 g6 19. Rd4 d5 20. cxd5 exd5 21. exd5 Bc5 22. Rdd1) (13. Rc1) (
13. Bd4) (13. Qe1) 13... Ned7 14. Rfd1 Qc7 15. Rac1 Rac8 {Wir haben jetzt eine
sehr typische Igelstellung vor uns. Weiß hat Raumvorteil im Zentrum, seine
Bauern auf c4 und e4 blockieren die schwarzen Hebel. Andererseits ist die
schwarze Stellung - zwar etwas passiv - aber vor allem sehr solide.} (15...
Rfe8 16. b4 Rab8 17. Nab1 Ba8 18. f4 e5 {1/2-1/2 Chiburdanidze,M-Gufeld,E/
Dortmund 1983/MCD (18)}) 16. Kh1 (16. Bf1 Qb8 17. Qd2 Rfe8 18. Nc2 Bd8 19. Qf2
Bc7 20. Kh1 Qa8 21. Rd2 Kh8 22. Rcd1 Qb8 23. h3 Nc5 24. Bf4 Bxe4 25. Bxd6 Bxc2
26. Bxc7 Qxc7 27. Rxc2 e5 28. Nd5 Nxd5 29. Rxd5 Ne6 {1/2-1/2 Kaps,D-Gvetadze,S/
Mureck 1998/CBM 65 ext (51)}) 16... Rfe8 17. Qd2 Qb8 18. Bg1 {Hier weicht
Naiditsch von seiner früheren Partie gegen Skripchenko ab. Die Züge Bg1 und
Bf1 sind in solchen Stellungen durchaus typisch - die Läufer stehen sicher auf
der Grundlinie.} (18. Bf1 h6 19. Nc2 Ne5 20. b3 Ned7 21. Nd4 Qa8 22. Bg1 {
1/2-1/2 Naiditsch,A-Skripchenko,A/Dortmund GER 2001/(46)}) 18... h6 19. Nc2 {
Früher oder später muss Weiß die Stellung seines Na3 verbessern.} Ne5 20. b3
Ned7 {Schwarz befolgt eine Abwartestrategie. Ich möchte darauf hinweisen, dass
es in dieser Stellung für beide Seiten schwierig ist, einen konkreten
Spielplan zu finden.} 21. Bf1 Ba8 22. a3 {[%cal Gb3b4] Weiß möchte mitttels
b3-b4, gefolgt von Nd4-b3 oder Na1-b3, langsam am Damenflügel vorankommen.} Nc5
$11 23. Na1 (23. Rb1 $11) 23... Ncd7 24. b4 Ne5 25. Qd4 (25. Qa2 $11) 25...
Nfd7 {Dieser Springerzug soll den Gegner zu f3-f4 provozieren.} (25... Ned7 26.
Nb3 $11) 26. f4 $6 $13 {[%mdl 16384] Dieser Zug ist nur scheinbar logisch. Es
wäre besser, diesen Zug zumindest noch etwas vorzubereiten. Ich glaube nicht,
dass Weiß angesichts des Springers auf a1 hier etwas Konkretes erreichen kann.}
(26. Nb3 $142 $11) 26... Ng6 $1 27. Qd2 (27. f5 $6 Nge5 $15 {[%csl Ge5]}) 27...
Nf6 28. Bd3 (28. Re1 $142) 28... e5 $1 $36 {Dieser Zug schwächt zwar das Feld
d5, verschafft Schwarz aber einige Gegenchancen.} 29. f5 (29. fxe5 $6 Nxe5 30.
Nd5 Nxd5 31. cxd5 Rxc1 32. Qxc1 (32. Rxc1 Bg5 33. Be3 Nxd3 34. Qxd3 Bxe3 35.
Qxe3 Bxd5 $19) 32... Nxd3 33. Rxd3 Bg5 34. Be3 Rxe4 35. Bxg5 hxg5 $17) 29...
Nf4 30. Nd5 (30. Be3 Nxd3 (30... Ng4 31. Bxf4 exf4 32. Qxf4 Ne5) 31. Qxd3 Ng4
$13) 30... b5 $1 {[%mdl 64]} 31. Bb1 (31. Nxf4 exf4 32. cxb5 Nxe4 33. Rxc8 Qxc8
34. Qxf4 Bg5 35. Qf1 Nc3 $13) 31... bxc4 $15 32. Nxf6+ Bxf6 33. Qxd6 Nd3 {
Dieser Zug zwingt Weiß zum Damentausch, wonach ein Endspiel mit besseren
Chancen für Schwarz entsteht.} (33... Qb7 $5) 34. Qxb8 Rxb8 35. Bxd3 (35. Rxc4
Nb2 $17 {[%cal Rb2c4,Rb2d1]}) 35... cxd3 {[%csl Ga8,Gf6] Schwarz hat einen
Mehrbauern und das Läuferpaar.} 36. Rc4 Rbc8 (36... Red8 $15) 37. Bc5 Bc6 {
[%cal Gc6b5]} 38. Nb3 Bb5 39. Rc3 Bg5 40. a4 Bc6 $1 (40... Bxa4 41. Rcxd3 (41.
Rdxd3 Bc6 $17 {[%cal Rc6e4]}) 41... a5 42. Nxa5 Bxd1 43. Rxd1 Red8 $15) 41. h4
$8 Bxh4 42. Na5 Bxa4 (42... Bxe4 $2 43. Rc4 {[%cal Rc4h4]} Bxf5 44. Rxh4 e4 45.
Nc4 e3 46. Bxe3 (46. Nxe3 Rxc5 47. bxc5 Rxe3 $15) 46... Rxc4 47. Rxc4 Rxe3 48.
Rc6 Re2 $15) 43. Rdxd3 Be1 $17 {[%csl Ga4,Ge1] Die schwarzen Läufer stehen
spürbar aktiv.} 44. Ra3 Bc2 (44... Bb5 $17) 45. Rh3 (45. Rd6 Rb8 46. Nc6 (46.
Rxa6 Bxb4 47. Bxb4 Rxb4 $19 {[%csl Re4]}) 46... Rb7 $17) 45... Red8 (45... Bxe4
$6 46. Rhe3 {[%cal Re3e4,Re3e1]} Bxb4 47. Bxb4 Bxf5 $17) 46. Ra1 Rd1 47. Rxd1
Bxd1 48. Re3 Bh4 (48... Bf2 49. Rc3) 49. Nc4 $6 (49. Ra3 $17) 49... Bf2 50. Rc3
Be1 (50... Bxc5 $2 51. Nxe5 $132) 51. Nd6 (51. Rc1 Bxb4 52. Bxb4 Be2 $19 {
[%csl Rc4]}) 51... Bxc3 52. Nxc8 Bc2 53. Nd6 Bd3 {[%csl Gc3,Gd3] Schwarz legt
die Bauern am Damenflügel fest - Weiß kann nun nicht mehr b4-b5 durchsetzen.
Zugleich bleibt der weiße Springer an das Feld d6 gebunden - denn er muss den
Pe4 verteidigen.} 54. g3 Bb2 {Droht 55...Ba3 nebst 56...a5 mit weiterem
Materialgewinn.} 55. Be3 $2 (55. Bb6 Ba3 56. Ba5 Kf8 57. Kg2 Ke7 58. Nc8+ Kd7
59. Nb6+ Kc6 60. Kf3) 55... Ba3 $19 (55... Ba3 56. Bc5 (56. Bd2 a5 $19) 56...
a5 $19) 0-1

[Event "Yopal"]
[Site "Yopal"]
[Date "1997.06.20"]
[Round "1"]
[White "Rodriguez Cespedes, Amador"]
[Black "Milos, Gilberto"]
[Result "1/2-1/2"]
[WhiteElo "2555"]
[BlackElo "2605"]
[Annotator "Rodriguez,Am"]
[PlyCount "81"]
[EventDate "1997.06.20"]
[EventType "tourn"]
[EventRounds "9"]
[EventCountry "COL"]
[EventCategory "12"]
[SourceTitle "CBM 060"]
[Source "ChessBase"]
[SourceDate "1997.09.29"]
[SourceVersion "1"]
[SourceVersionDate "1997.09.29"]
[SourceQuality "1"]

1. e4 c5 2. Nf3 e6 3. d4 cxd4 4. Nxd4 Nc6 5. Nb5 d6 6. Bf4 e5 7. Be3 a6 {
A safe method.} ({Instead} 7... Nf6 8. Bg5 Be6 9. Bxf6 gxf6 10. Nd2 $1 {
allows Black to obtain a Pelikan style position where he can obtain mobile
pawns in the center. In my opinion, however, by playing accurately White can
keep an advantage in this line.}) 8. N5c3 Nf6 9. Bg5 ({White would like to play
} 9. Bc4 {here but after} Be6 10. Nd5 Nxe4 $3 11. Bb6 Qg5 {it is very unlikely
that White can get more than a forced draw by} 12. Nc7+ ({It is possible to
forget about the pawn with} 12. O-O {as a matter of fact I tried it myself
against Pogorelov last year at the Andorra open but the compensation is
probably not enough.}) 12... Kd7 13. Bxe6+ fxe6 14. Nxa8 Qxg2 15. Ke2 Qg4+ 16.
Ke1 Qg2 17. Ke2 $11) 9... Be7 10. Nd2 Be6 11. Nc4 Nd4 $1 ({after} 11... O-O 12.
Bxf6 Bxf6 13. Qxd6 {Black must work hard to find a compensation if any for his
pawn.}) 12. Ne3 $6 {leads nowhere after Black's unexpected reply.} (12. Bd3
$142 Rc8 13. Ne3) 12... Qa5 $1 13. Qd2 (13. Bd3 $2 Nxe4 $1 $17) 13... Rc8 14.
Bd3 O-O 15. Bxf6 (15. O-O $2 Nxe4 $1) (15. O-O-O $2 Nxe4 $1 16. Nxe4 Nb3+ $1
$19) 15... Bxf6 16. Ncd5 Qxd2+ 17. Kxd2 Bxd5 $2 (17... Bg5 $142 18. h4 Bxe3+
19. Nxe3 f5 $1 {and Black is at least equal.}) 18. Nxd5 Bg5+ 19. Kd1 $14 Bd8
20. c3 Nc6 21. Bc2 (21. Ke2 Ne7 22. Ne3 Bb6 $132) 21... Ne7 22. Bb3 Nxd5 23.
Bxd5 Rc7 24. Ke2 g6 25. Rad1 Kg7 26. Rd3 Be7 27. Rhd1 Rb8 28. g3 Bg5 29. Bb3
Be7 30. f4 exf4 31. gxf4 Re8 32. Kf3 Bf8 33. Rd4 b5 34. Bd5 Rb8 35. R1d2 Be7
36. a4 Rc5 37. Rb4 Bd8 $1 38. Ba2 $6 Ba5 39. Rb3 Bc7 40. axb5 axb5 41. Rd5
1/2-1/2

[Event "Capablanca Memorial Elite 34th"]
[Site "Havana"]
[Date "1999.05.12"]
[Round "5"]
[White "Becerra Rivero, Julio"]
[Black "Comas Fabrego, Luis"]
[Result "1/2-1/2"]
[WhiteElo "2535"]
[BlackElo "2541"]
[Annotator "Rodriguez,Am"]
[PlyCount "44"]
[EventDate "1999.05.??"]
[EventType "tourn"]
[EventRounds "13"]
[EventCountry "CUB"]
[EventCategory "12"]
[SourceTitle "CBM 071"]
[Source "ChessBase"]
[SourceDate "1999.08.01"]
[SourceVersion "1"]
[SourceVersionDate "1999.08.01"]
[SourceQuality "1"]

1. e4 c5 2. Nf3 e6 3. d4 cxd4 4. Nxd4 Nc6 5. Nb5 d6 6. Bf4 e5 7. Be3 Nf6 8. Bg5
Be6 9. Nd2 (9. Bxf6 $1 gxf6 10. Nd2 {Is well known to be the most precise
order for White in this line.}) 9... Be7 10. Bxf6 Bxf6 11. Nc4 O-O $1 {Blacks
has reached a key position in this line.} 12. Nc3 {Now White gets nothing but
even after} (12. Qxd6 {Black seems to be doing fine recently, for instance:}
Qc8 13. c3 Be7 14. Qd2 Rd8 15. Qc1 (15. Qe3 Nd4 16. cxd4 Bxc4 17. Rc1 Bb4+ 18.
Kd1 exd4 19. Nxd4 Bc5 $40 {0-1 McDonald,N-Plaskett,J/Hampstead ENG 1998 (39)})
15... Bxc4 16. Bxc4 a6 17. Na3 Qg4 18. O-O Bxa3 19. bxa3 Qxe4 20. Bb3 Rd7 21.
Re1 Qf5 22. Qe3 Rad8 {Ok for Black in Varga,Z-Borges Mateos,J/Elista 1998})
12... Nd4 13. Bd3 Bg5 14. O-O Rc8 15. Ne3 Bxe3 16. fxe3 Nc6 17. Qd2 Nb4 18. Be2
d5 {Very poor opening for White} 19. exd5 Nxd5 20. Nxd5 Qxd5 21. Rfd1 Qxd2 22.
Rxd2 Rfd8 1/2-1/2

[Event "Olympiad-32"]
[Site "Yerevan"]
[Date "1996.09.17"]
[Round "2.2"]
[White "Zaichik, Gennadi"]
[Black "Johansen, Darryl Keith"]
[Result "1/2-1/2"]
[WhiteElo "2550"]
[BlackElo "2500"]
[Annotator "Rogers,I"]
[PlyCount "100"]
[EventDate "1996.09.15"]
[EventType "team-swiss"]
[EventRounds "14"]
[EventCountry "ARM"]
[SourceTitle "CBM 055"]
[Source "ChessBase"]
[SourceDate "1996.12.01"]
[SourceVersion "1"]
[SourceVersionDate "1996.12.01"]
[SourceQuality "1"]
[WhiteTeam "Georgia"]
[BlackTeam "Australia"]
[WhiteTeamCountry "GEO"]
[BlackTeamCountry "AUS"]

1. e4 c5 2. Nf3 e6 3. d4 cxd4 4. Nxd4 Nc6 5. Nb5 d6 6. c4 Nf6 7. N5c3 Be7 8.
Be2 O-O 9. O-O b6 10. Be3 Bb7 11. Na3 Ne5 {Rather provocative.} (11... Nb8 {
would avoid the set-up utilised by White in the game.}) 12. f4 Ned7 13. Bf3 a6
14. Qc2 Qc7 15. Rac1 Rac8 16. g4 $1 b5 $1 ({With no good square available for
the knight on f6 (} 16... Nc5 17. g5 Nfd7 $2 18. b4 {) Johansen is forced to
make Black's thematic break a little earlier than usual.}) 17. cxb5 d5 $1 18.
Nxd5 $3 {Black had overlooked this.} (18. exd5 exd5 {is far less clear because
Black's knight can use the e4 square.}) 18... Nxd5 19. exd5 Qb8 20. Qg2 $2 (20.
Qe2 {/\21.bxa6, would keep White well on top.}) 20... exd5 21. Nc2 {White now
tries to prove an advantage by blockading Black's d pawn but Black's pieces
are too active.} ({White should probably have sued for equality with} 21. Bxd5
Bxd5 22. Qxd5 Nf6 23. Qf3 Bxa3 24. bxa3 Qxb5) 21... axb5 22. Nd4 Bc5 23. Qd2
Rfe8 24. Bf2 Nf6 25. Rfe1 Ne4 26. Bxe4 dxe4 27. Be3 Qd6 28. Red1 b4 29. Qe1 Qa6
30. Nb3 Bf8 $1 31. Nc5 $6 Bxc5 $1 32. Rxc5 Rxc5 33. Bxc5 h5 $6 ({With White in
dreadful time trouble - less than a minute to reach move 40 - Black had to try
} 33... e3 $1 {when the tempting} 34. Qxe3 {loses to} Qc6 $1 35. Qxe8+ Qxe8 36.
Bb6 Bd5 $3) ({Johansen was worried about} 33... e3 $1 34. Rd6 $1 {when Black
may have nothing better than} Qxa2 35. Qxe3 Qb1+ 36. Kf2 Qxb2+ 37. Rd2 Rxe3 38.
Rxb2 Rf3+ 39. Ke1 Rxf4 40. Rxb4 {with a drawn endgame.}) 34. Be3 $1 {White
must prevent 34...e3!.} hxg4 35. Qxb4 Qe2 36. Qd2 Qf3 37. Rf1 Qh3 38. Qf2 Ra8
39. a3 Rd8 40. Qg3 Qxg3+ 41. hxg3 Rd3 42. Kf2 Rb3 43. Rd1 $1 (43. Rb1 Ba6 {
/\...Bd3 would be asking for trouble.}) 43... Rxb2+ 44. Rd2 Rxd2+ 45. Bxd2 Kf8
46. Ke3 Ke7 47. Kd4 Kd6 48. Bb4+ Kc6 49. Kxe4 g6 50. Ke5 Kb5 1/2-1/2

[Event "Interzonal-16"]
[Site "Biel"]
[Date "1993.??.??"]
[Round "7"]
[White "Anand, Viswanathan"]
[Black "Salov, Valery"]
[Result "1/2-1/2"]
[WhiteElo "2725"]
[BlackElo "2685"]
[Annotator "Salov,V"]
[PlyCount "178"]
[EventDate "1993.07.16"]
[EventType "swiss"]
[EventRounds "13"]
[EventCountry "SUI"]
[SourceTitle "CBM 037"]
[Source "ChessBase"]
[SourceDate "1993.12.01"]
[SourceVersion "1"]
[SourceVersionDate "1993.12.01"]
[SourceQuality "1"]

1. e4 {Wolff} c5 2. Nf3 Nc6 3. d4 cxd4 4. Nxd4 e6 5. Nb5 d6 6. c4 Nf6 (6... a6
$6 {Wolff} 7. N5c3 Nf6 8. Be2 {By playing ...a6 before ...Nf6, Black has given
White a "half tempo", which he can use to develop his other pieces before
playing Na3.} Be7 9. O-O O-O 10. Be3 b6 11. Na3 Bb7 12. f4 $5 Rc8 13. Rc1 Re8
14. Bf3 Bf8 15. Qe2 Nd7 16. Rfd1 $14 {Ivanchuk,V-Granda Zuniga,J Biel izt (11)}
) 7. N1c3 a6 8. Na3 Be7 (8... b6 {Wolff} 9. g3 $5 {It seems particularly
intelligent to play this move when Black plays ...b6. Note that if 8...b6 9.
Be2, then 9...b6 looks better as White has already committed the B to e2.} Be7
10. Bg2 Bd7 (10... O-O $4 11. e5) 11. O-O O-O 12. b3 Rb8 13. Bb2 $14 {Oll,L-Ye
Jiangchuan Biel izt (8)}) 9. g3 Bd7 10. Bg2 Rc8 11. O-O Ne5 $1 {קc4} 12. Bf4 (
12. Qe2 Qc7 13. b3 b5 $36) (12. f4 Nxc4 13. Nxc4 Rxc4 14. e5 dxe5 15. fxe5 Ng4
16. Qe2 Qc7 $17) 12... O-O $5 (12... Nxc4 13. Nxc4 Rxc4 14. Bxd6 Bxd6 (14...
Bc6 $1 {Wolff} 15. Bxe7 (15. Qb3 Rxc3 16. Qxc3 Bxd6 17. e5 Bxg2 18. Kxg2 Nd5) (
15. Qe2 $5 Rd4 $8 16. Bxe7 Qxe7 17. e5 Nd5 18. Bxd5 Bxd5 19. Qe3 Rb4 $132) (15.
e5 Bxg2 16. exf6 (16. Kxg2 Bxd6 17. exf6 gxf6) 16... Qxd6 17. fxg7 Rg8 18. Kxg2
(18. Qh5 $2 Bxf1 19. Qxh7 Rxg7 20. Qxg7 Bd3) 18... Qxd1 19. Rfxd1 Rxg7 $15 {
Pawn islands are pawn islands, but that bishop is nice!}) 15... Qxd1 16. Rfxd1
Kxe7 $10) 15. Qxd6 Qc7 $10) 13. Qe2 Qc7 14. Rac1 Rfd8 (14... Nxc4 $4 {Wolff}
15. Ncb1 $1 $18 {White can follow up with Pb3}) 15. Rfd1 Be8 16. h3 (16. c5 $5
Ng6 (16... Qb8 $5 $15) 17. cxd6 Bxd6 18. Rxd6 Rxd6 19. e5 Rdd8 20. exf6 Nxf4
21. gxf4 Qxf4 $44) 16... Qc5 17. Qd2 Kf8 $1 (17... Qb4 $2 18. Nd5 $14) (17...
Nxc4 $2 {Wolff} 18. Nxc4 Qxc4 19. Nd5 exd5 $8 20. Rxc4 dxc4 $16) 18. Ne2 Nc6
19. Be3 Qb4 20. Rc3 (20. Qxb4 {Wolff} Nxb4 21. Bb6 Rd7 (21... Nxa2 22. Bxd8
Nxc1 23. Bxe7+ $18) 22. Ra1 Bd8 23. Bd4 $10) 20... Qa5 21. Nc2 Ne5 (21... Qxa2
$4 {Wolff I'm not even going to bother publishing the refutation to this
insane pawn grab. Find it yourself, or give it to Fritz, if you have it. Would
YOU take such a pawn -- or even think about it twice??}) 22. Qd4 $8 (22. b3 Bc6
{><e4}) 22... b5 (22... Nxc4 $4 23. Rxc4 Rxc4 24. Qxc4 Bb5 25. Qc3 $1 $18) 23.
Qb6 Qxb6 (23... Qxa2 $6 24. Ra1 Qxb2 25. Bc1 Qxa1 26. Nxa1 Nxc4 27. Qd4 $14)
24. Bxb6 Rd7 25. cxb5 Rxc3 26. Nxc3 axb5 27. Bd4 (27. Nxb5 $4 Rb7 $19) 27...
Rc7 28. Nb4 Nc4 29. b3 Na3 30. e5 dxe5 31. Bxe5 Rc5 $1 (31... Rc8 32. Bb7 $1)
32. Nd3 Rc8 33. Bb7 Rd8 $15 34. Nb2 $6 Rxd1+ 35. Ncxd1 (35. Nbxd1 $5) 35... Nd7
36. Bc3 Nc5 37. Bg2 f6 38. Ne3 Bg6 39. Nbd1 Nd3 40. Bd2 b4 41. Bf1 Bc5 $17 (
41... Nb1 $17) 42. Ng2 Ke7 43. Ne1 Nxe1 44. Bxe1 Bb1 45. Nb2 Bd6 (45... Bxa2
46. Nd3 Bd6 47. Bxb4 Bxb3 48. Bxd6+ Kxd6 $17) 46. Nc4 $8 (46. Nd3 Nc2 $19)
46... Nxc4 47. Bxc4 Bxa2 48. Kf1 Bb1 49. Ke2 Be4 50. f3 Bc6 51. g4 Bc5 52. Bg3
Bb7 53. h4 g6 54. Bd3 Bd5 55. Bc2 Kf7 56. Bh2 h5 $2 (56... e5 $17) (56... Bd4
$17) 57. gxh5 gxh5 58. f4 $1 f5 59. Bg3 Be7 60. Bd1 $1 $132 {><h5} Bf6 61. Be1
Be7 62. Ke3 Bc5+ 63. Kd3 Kg6 64. Bg3 Kf6 65. Kc2 Be4+ 66. Kd2 Kg6 67. Be2 Bd5
68. Bd1 Bd4 69. Kd3 Bc3 70. Ke3 Kf6 71. Bc2 e5 72. fxe5+ Bxe5 73. Bf4 $8 Ke6
74. Bd1 Bf6 75. Bg3 Bc3 76. Bc2 Be5 77. Bf4 Bf6 78. Bg3 Be7 (78... Bb2 79. Be1)
79. Bd1 $1 (79. Kd4 f4 $1 $17) 79... Bc5+ 80. Kd3 Bd6 81. Bxd6 Kxd6 82. Kd4 $1
Bf7 (82... f4 83. Bxh5 Bxb3 84. Bf3 $10) 83. Bc2 Ke6 84. Bd1 Kf6 85. Bc2 f4 86.
Bd1 Kf5 87. Bf3 $1 $8 (87. Kc5 $2 Ke4 88. Kxb4 f3 $19) 87... Bg6 (87... Bxb3
88. Kc5 Bd5 (88... Ke5 89. Kxb4 Bf7 90. Kc3 $10) 89. Bxd5 Kg4 90. Kxb4 Kxh4 91.
Kc3 Kg3 92. Kd3 $10) 88. Be2 Be8 89. Bd1 Bf7 1/2-1/2

[Event "Rishon Le Ziyyon"]
[Site "Rishon Le Ziyyon"]
[Date "1996.??.??"]
[Round "5"]
[White "Shmuter, Leonid"]
[Black "Polgar, Sofia"]
[Result "1-0"]
[WhiteElo "2490"]
[BlackElo "2495"]
[Annotator "Shmuter,L"]
[PlyCount "73"]
[EventDate "1996.02.??"]
[EventType "tourn"]
[EventRounds "9"]
[EventCountry "ISR"]
[EventCategory "13"]
[SourceTitle "CBM 053"]
[Source "ChessBase"]
[SourceDate "1996.08.01"]
[SourceVersion "1"]
[SourceVersionDate "1996.08.01"]
[SourceQuality "1"]

1. e4 {Ribli} c5 2. Nf3 e6 3. d4 cxd4 4. Nxd4 Nc6 5. Nb5 d6 6. c4 Nf6 7. N1c3
a6 8. Na3 b6 9. Be2 Bb7 10. O-O Ne5 {Ribli: Zsofia will ihren Gegner
provozieren, sonst spielt sie 10...Be7 11.Be3 Ne5 12.f4 Ned7.} 11. f4 Ned7 12.
Bf3 Be7 13. g4 {Ribli: Weiß läßt sich provozieren und versucht, mit dieser
Neuerung den Nachteil des schlampigen (?!) 10. Zuges auszunutzen.} (13. Be3 {
Ribli  Schwarz konnte diese Stellung erreichen - siehe die Anmerkungen zum 10.
Zug.}) (13. Qe2 {Ribli} O-O 14. g4 (14. Be3 $5) 14... h6 15. h4 Nh7 $1 $13 {
Suetin,A-Ruzele,D/Berlin Summer/1993/}) 13... h6 $6 (13... O-O 14. g5 Ne8 $14)
14. h4 $1 g5 {Ribli: Schwarz glaubte, durch dieses Bauernopfer den Punkt e5
mit seinem Springer besetzen zu können.} (14... d5 15. exd5 exd5 16. g5 $16) (
14... Nh7 $5 {Ribli} 15. g5 hxg5 16. hxg5 e5 $5 $132) 15. e5 $1 {Ribli: Mit
diesem starken Zug stellt Weiß seine Gegnerin vor schwierige Probleme.} (15.
fxg5 $2 hxg5 16. Bxg5 Ne5 $132) 15... Bxf3 16. Qxf3 Nh7 (16... dxe5 17. fxg5
hxg5 18. Bxg5 $1 $16 (18. hxg5 $6 {Ribli  Die schwarze Stellung sieht auf den
ersten Blick sehr kritisch aus, aber...} e4 $1 19. Nxe4 (19. Qf4 Rh4 $132)
19... Ne5 $1 20. Nxf6+ Bxf6 21. Qxf6 $2 (21. Qc3 $13) 21... Qd4+ 22. Rf2 (22.
Qf2 Nf3+ 23. Kg2 Qxg4+ 24. Qg3 Rh2#) 22... Qd1+ 23. Rf1 Qxg4+ 24. Kf2 Rh2+ 25.
Ke3 Re2#)) 17. exd6 Bxd6 18. Ne4 $1 {Ribli: Weiss geht sehr energisch vor.} Bc7
(18... Bc5+ 19. Be3 $1 $16) (18... Be7 19. hxg5 hxg5 20. fxg5 O-O 21. Qf4 $16)
19. Be3 O-O 20. hxg5 hxg5 21. Rad1 {Ribli: Natuerlich gehoert ein Turm auf
eine offene Linie.} gxf4 22. Bxf4 {/\ droht Bh6} Bxf4 23. Qxf4 Qe7 $2 {Ribli:
Dieser Zug gibt Weiß die Möglichkeit, mit einer kleinen, aber schönen
Kombination die Partie zu entscheiden.} (23... Ra7 $5 $16) (23... Ra7 $8 {Ribli
}) 24. Rxd7 $1 {[#]} Qxd7 25. Nf6+ Nxf6 26. Qg5+ Kh7 27. Rxf6 $18 Qd4+ (27...
Qd1+ {Ribli} 28. Kg2 Qe2+ 29. Kh3 Qd3+ 30. Kh4 $18) 28. Kh1 Qxf6 (28... Qe4+
29. Kh2 Qe2+ 30. Kh3 Qd3+ 31. Kh4 $18) 29. Qxf6 Rad8 30. Kg2 Rd7 31. Nb1 Rc8
32. Qh4+ Kg7 33. Qg5+ Kh7 34. Qf4 b5 35. Nd2 bxc4 36. Ne4 Rb7 37. Qg5 1-0